Statistika v hospodářství
Guardado en:
| Autor principal: | |
|---|---|
| Otros Autores: | , |
| Formato: | Libro |
| Lenguaje: | checo |
| Publicado: |
Praha
ETC Publishing
1998
|
| Colección: | Manager - podnikatel
|
| Materias: | |
| Etiquetas: |
Sin Etiquetas, Sea el primero en etiquetar este registro!
|
MARC
| LEADER | 00000nam a2200000 4500 | ||
|---|---|---|---|
| 001 | c123835 | ||
| 005 | 20221109094451.4 | ||
| 020 | |a 80-86006-56-5 | ||
| 041 | 0 | |a cze | |
| 044 | |a CZ | ||
| 245 | 1 | 0 | |a Statistika v hospodářství |c Jan Seger, Richard Hindls, Stanislava Hronová |
| 264 | 1 | |a Praha |b ETC Publishing |c 1998 | |
| 300 | |a 636 s. | ||
| 490 | 1 | |a Manager - podnikatel | |
| 830 | 0 | |a Manager - podnikatel | |
| 610 | 2 | 0 | |a štatistika ekonomická |
| 610 | 2 | 0 | |a pravdepodobnosť |
| 610 | 2 | 0 | |a zisťovanie štatistické |
| 610 | 2 | 0 | |a analýza korelačná |
| 610 | 2 | 0 | |a analýza regresná |
| 610 | 2 | 0 | |a rady časové |
| 610 | 2 | 0 | |a javy ekonomické |
| 100 | 1 | |a Seger, Jan | |
| 700 | 1 | |a Hindls, Richard | |
| 700 | 1 | |a Hronová, Stanislava | |